Modely hodnocení efektivnosti a alokace zdrojů
Saved in:
| Main Author: | |
|---|---|
| Other Authors: | |
| Format: | Book |
| Language: | Czech English |
| Published: |
Praha
Professional Publishing
2015
|
| Edition: | 1. vydání |
| Subjects: | |
| Tags: |
No Tags, Be the first to tag this record!
|
MARC
| LEADER | 00000nam a2200000 4500 | ||
|---|---|---|---|
| 001 | 0246606 | ||
| 005 | 20240313090118.6 | ||
| 020 | |a 978-80-7431-155-0 | ||
| 041 | 0 | |a cze | |
| 041 | 0 | |a eng | |
| 044 | |a CZ | ||
| 245 | 1 | 0 | |a Modely hodnocení efektivnosti a alokace zdrojů |c Josef Jablonský, Martin Dlouhý |
| 250 | |a 1. vydání | ||
| 264 | 1 | |a Praha |b Professional Publishing |c 2015 | |
| 300 | |a 199 s. | ||
| 610 | 2 | 0 | |a jednotka hospodárska |
| 610 | 2 | 0 | |a produkcia |
| 610 | 2 | 0 | |a efektívnosť |
| 610 | 2 | 0 | |a analýza ekonomická |
| 610 | 2 | 0 | |a teória hier |
| 610 | 2 | 0 | |a rozhodovanie |
| 610 | 2 | 0 | |a programovanie |
| 610 | 2 | 0 | |a modely |
| 610 | 2 | 0 | |a softvér |
| 610 | 2 | 0 | |a modelovanie ekonometrické |
| 100 | 1 | |a Jablonský, Josef | |
| 700 | 1 | |a Dlouhý, Martin | |